Zásady a princípy tvorby reklamy, ako nástroja komunikačnej politiky podniku

Nástroje komunikačnej politiky a základné modely komunikačného procesu. Reklama a jej miesto v komunikačnej politike. Podmienky a zásady stanovené etickým kódexom pri tvorbe reklamy. Spotrebitelia v súčasnom trhovom prostredí.

Salvato in:
Dettagli Bibliografici
Autore principale: Nemečková, Soňa
Natura: Capitolo di libro
Lingua:slovacco
Soggetti:
Tags: Aggiungi Tag
Nessun Tag, puoi essere il primo ad aggiungerne!!

MARC

LEADER 00000naa$a2200000$$$4500
001 0115775
005 20240502072306.0
041 0 |a slo 
044 |a SK 
245 1 0 |a Zásady a princípy tvorby reklamy, ako nástroja komunikačnej politiky podniku  |c Soňa Nemečková 
520 |a Nástroje komunikačnej politiky a základné modely komunikačného procesu. Reklama a jej miesto v komunikačnej politike. Podmienky a zásady stanovené etickým kódexom pri tvorbe reklamy. Spotrebitelia v súčasnom trhovom prostredí. 
610 2 0 |a komunikácia marketingová 
610 2 0 |a mix komunikačný 
610 2 0 |a reklama 
610 2 0 |a techniky reklamné 
610 2 0 |a tvorba reklamy 
610 2 0 |a kvalita výrobkov 
610 2 0 |a podpora predaja 
610 2 0 |a trh reklamný 
610 2 0 |a kódexy etické 
100 1 |a Nemečková, Soňa